000 00277nam a22001337a 4500
003 SGT
020 _a0916547043
082 _a080
_bA88W
100 _aWHITE, E.G.
245 _aAMERICA IN PROPHECY
260 _bINSPIRATION BOOKS EAST
_c1988
300 _a649
942 _2ddc
_cBK
999 _c31664
_d31664